LEADER 01305nam a2200289 u 4500 001 000000018585 003 CaOOAMICUS 005 20141110112012.0 008 950109s1935 it af u000 u ita u 035 $a10439618 040 $aBAV$bita 100 1 $aLevasti, Arrigo,$d1886-1973.$0(OLS)http://pul/name/16507 245 10$aMistici del Duecento e del Trecento /$ca cura di Arrigo Levasti. 260 $aMilano :$bRizzoli,$c[1935] 300 $a1025 p.$bill.$c20 cm 490 1 $aClassici Rizzoli 650 4$aMisticismo$xOpere anteriori al 1800.$0(OLS)http://pul/subject/12759 650 4$aMistici italiani$xRaccolte.$0(OLS)http://pul/subject/12760 700 1 $aLevasti, Arrigo,$d1886-1973.$0(OLS)http://pul/name/16507 830 0$aClassici Rizzoli.$0(OLS)http://pul/title/6649 850 $aPUL 852 $aPUL$W1$xDP1 Fondo Cecchetti$y53$m297 A 10$j26181$nBK-PRI$b $qFondi$B26181$CPULBib$Z2$F26181 $HPUL4557 $81 852 $aPUL$W1$xDP1 Fondo Capitani$y116$m1 A 82$j162241$qFondi$B161739$CPULBib$Z2$F161739 $HCap2227 $82 941 1 $a1 961 $aNota ms. di possesso : Capitani. 996 $6245$aMistici del Duecento e del Trecento$9(OLS)http://pul/title/26450 996 $6260$aMilano :$bRizzoli$9(OLS)http://pul/publisher/48712 LEADER 01379naa a2200313 a 4500 001 000000138797 003 CaOOAMICUS 005 20140909105242.0 008 140612s2014 it u000 u ita r 020 $a978-88-6879-030-1 040 $aPUL$bita 082 04$a262.52 100 1 $aLanzetta, Serafino,$csac.$0(OLS)http://pul/name/71726 245 13$aIl Vaticano II, un concilio pastorale :$bermeneutica delle dottrine conciliari /$cSerafino M. Lanzetta. 260 $aSiena :$bCantagalli,$cİ2014. 300 $a490 p. ;$c21 cm 504 $aBibliografia p. 451-479. 611 24$aConcilium Vaticanum$n(2 :$d1962-1965)$xCritica e interpretazione.$0(OLS)http://pul/subject/2088 850 $aPUL 852 $aPUL$W1$xSL Religione 3$y85$m262. 52 LANSE 2$j161274$qDDC 21$B160743$CPULBib$Z2$F160743 $H124583 $82 852 $aPUL$W1$xFondo C.V.II$y119$mSTO DOC 15$j160218$qFondi$B159666$CPULBib$Z2$F159666 $HCVII41 $82 941 1 $a1 941 1 $a9 996 $6020$a978-88-6879-030-1$9(OLS)http://pul/number/155522 996 $6082$a262.52$9(OLS)http://pul/classification/356 996 $6245$aIl Vaticano II, un concilio pastorale :$bermeneutica delle dottrine conciliari$9(OLS)http://pul/title/175725 996 $6260$aSiena :$bCantagalli$9(OLS)http://pul/publisher/48759